00742nam a2200205Ia 4500003000900000008004100009020001800050040001600068080001800084110001600102245011900118260002800237300001400265650004100279650003600320650003600356942000700392999001500399952012200414IN-BaIIA211028s9999 xx 000 0 eng d a0-8174-3201-9 cIIA Library a031.77bEKC-1 aKodak92452 0aEncyclopedia of Practical Photographybvol. 1, A BABcEastman Kodak Company  aNew YorkbAmphotoc1978 axi, 192p. aAstronomy and Astrophysics Thesaurus aEncyclopedia-Photography910831 aPhotography-Encyclopedia910832 cBK c6314d6314 00104070aBANbKODcGENd1979-09-24g832.00l0o031.77/ EKC-1p7035r2021-11-05v832.00w1979-09-24yBKGRs. 832.00